1011 1268 1690 1888 1427 1657 1485 1122 1950 1065 1311 1466 1208 1548 1092 1490 1481 1914 1160 1315 1001 1427 1422 1830 1723 1432 1701 1751 1694 1213 1110 1891 1461 1762 1605 1208 1048 1091 1186 1843 1817 1943 1173 1425 1993 1653 1341 1694 1347 1424 1534 1557 1268 1052 1571 1363 1169 1904 1999 1209 1968 1094 1405 1111 1245 1704 1168 1360 1911 1892 1308 1868 1560 1820 1101 1551 1891 1378 1434 1047 1025 1458 1013 1630 1231 1405 1776 1016 1044 1895 1865 1214 1090 1049 1082 1203 1850 1301 1479 BCNSPRNW ULIB Ver.6.0+V

เปลี่ยนเป็นภาษาไทย

Change to English
 แสดงรายละเอียดบรรณานุกรม
  กลับหน้าหลัก

Brief Record : Get Marc (ISO 2709) : E-mail record : QR code < ปิดหน้าต่าง
LEADER : 00000nam 2200000uu 4500
001    13399120414
003     ULIB
008    120920s2550||||th 000 0 tha d
020    ^a9789749990391 (ล.2)
060 04 ^aWB100^bว582ต ล.2 2550
245 00 ^aตำราอายุรศาสตร์ 2/^cวิทยา ศรีดามา, บรรณาธิการ
250    ^aพิมพ์ครั้งที่ 5 (ฉบับปรับปรุงแก้ไข)
260    ^aกรุงเทพฯ :^bโครงการตำราจุฬาอายุรศาสตร์ ภาควิชาอายุรศาสตร์คณะแพทยศาสตร์ จุฬาลงกรณ์มหาวิทยาลัย,^c2550
300    ^a4 ล. :^bภาพประกอบสี ;^c26 ซม.
650  7 ^aอายุรศาสตร์^xรวมเรื่อง
650  7 ^aการรักษาโรค
650  7 ^aโภชนาการคลินิก
650  7 ^aตจวิทยา
650  7 ^aโรคไต
700 0  ^aวิทยา ศรีดามา,^eบรรณาธิการ
710 2  ^aจุฬาลงกรณ์มหาวิทยาลัย. ^bคณะแพทยศาสตร์.^bโครงการตำราอายุรศาสตร์
945    ^p300^l0^i24813
945    ^p300^l0^i14129
995    ^aกัณชพร
999 ^a ใช้งานได้ทุกระบบ
รายการนี้ยังไม่มีแท็ก
คุณยังไม่ได้ล็อกอิน คุณสามารถมีกิจกรรมร่วมกับเว็บไซต์ได้ แต่ต้องล็อกอินก่อน ::
  ล็อกอิน

รายการสื่อสารสนเทศ

ลำดับที่ ประเภท เลขเรียก/บาร์โค้ด สถานที่ สถานะ
1. วิทยาศาสตร์การแพทย์ และสุขภาพ
วิทยาศาสตร์การแพทย์ และสุขภาพ
WB100 ว582ต ล.2 2550  
  Barcode: 24813
ห้องสมุดวิทยาเขตสวรรค์ประชารักษ์
►ส่วนจัดเก็บหนังสือเก่า สปร
บนชั้น
  ขอยืม
2. วิทยาศาสตร์การแพทย์ และสุขภาพ
วิทยาศาสตร์การแพทย์ และสุขภาพ
WB100 ว582ต ล.2 2550 ฉ.2 
  Barcode: 14129
ห้องสมุดวิทยาเขตสวรรค์ประชารักษ์
►หนังสือทั่วไป
บนชั้น

รายการใกล้เคียง
    หัวเรื่อง [การรักษาโรค]
    หัวเรื่อง [ตจวิทยา]
    หัวเรื่อง [โรคไต]

BibComment


ยังไม่เคยถูกคอมเมนท์

คอมเมนท์ทรัพยากรรายการนี้
  คอมเมนท์: ตำราอายุรศาสตร์ ..


 Copyright 2026. Bcnsprnw @Library